Famous people who were murdered #5 - Statistics

General Stats
  • This quiz has been taken 34 times
  • The average score is 3 of 16
Answer Stats
Picture Answer % Correct
Robert F. Kennedy
82%
William McKinley
64%
Dimebag Darrell
25%
Andrés Escobar
21%
Christina Grimmie
14%
Jamal Khashoggi
14%
Emiliano Zapata
11%
Jam Master Jay
11%
Lev Trotskij
11%
Leo Ryan
7%
Paolo Borsellino
7%
Nils Horner
4%
Ninoy Aquino
4%
Rodrigo Lara
4%
Engelbert Dolfuss
0%
Željko Ražnatović
0%
No matching quizzes found
Score Distribution
Percent of People with Each Score
Percentile by Number Answered
Your Score History
You have not taken this quiz